Համեմատական սահմանադրական իրավունք : (Record no. 293514)
[ view plain ]
| 000 -LEADER | |
|---|---|
| fixed length control field | 01126nam a2200241 u 4500 |
| 001 - CONTROL NUMBER | |
| control field | 000809445 |
| 003 - CONTROL NUMBER IDENTIFIER | |
| control field | AM-YeHGA |
| 005 - DATE AND TIME OF LATEST TRANSACTION | |
| control field | 20250617144419.0 |
| 008 - FIXED-LENGTH DATA ELEMENTS--GENERAL INFORMATION | |
| fixed length control field | 110512s2011 ai r 000 0 arm d |
| 020 ## - INTERNATIONAL STANDARD BOOK NUMBER | |
| International Standard Book Number | 9785808008854 |
| 040 ## - CATALOGING SOURCE | |
| Original cataloging agency | AM-YeHGA |
| 041 0# - LANGUAGE CODE | |
| Language code of text/sound track or separate title | arm |
| 090 ## - LOCALLY ASSIGNED LC-TYPE CALL NUMBER (OCLC); LOCAL CALL NUMBER (RLIN) | |
| -- | 295199 |
| 100 1# - MAIN ENTRY--PERSONAL NAME | |
| Personal name | Սեդրակյան, Արտյոմ Սեդրակի |
| 245 10 - TITLE STATEMENT | |
| Title | Համեմատական սահմանադրական իրավունք : |
| Remainder of title | Ուսումնամեթոդական ուղեցույց-ձեռնարկ համանուն դասընթացի վերաբերյալ / |
| Statement of responsibility, etc. | Ա. Ս. Սեդրակյան; ՀՀ ԳԱԱ, Գիտակրթ. միջազգ. կենտր. |
| 246 15 - VARYING FORM OF TITLE | |
| Title proper/short title | Сравнительное конституционное право |
| 246 15 - VARYING FORM OF TITLE | |
| Title proper/short title | Comparative constitutional law |
| 260 ## - PUBLICATION, DISTRIBUTION, ETC. | |
| Place of publication, distribution, etc. | Երևան : |
| Name of publisher, distributor, etc. | Գիտություն, |
| Date of publication, distribution, etc. | 2011. |
| 300 ## - PHYSICAL DESCRIPTION | |
| Extent | 79 էջ. |
| 504 ## - BIBLIOGRAPHY, ETC. NOTE | |
| Bibliography, etc. note | Մատենագի. էջ ՝ 78-79 |
| 650 14 - SUBJECT ADDED ENTRY--TOPICAL TERM | |
| Topical term or geographic name entry element | Սահմանադրական իրավունք |
| Geographic subdivision | Հայաստան |
| 710 2# - ADDED ENTRY--CORPORATE NAME | |
| Corporate name or jurisdiction name as entry element | Գիտությունների ազգային ակադեմիա ՀՀ |
| Subordinate unit | Գիտակրթական միջազգային կենտրոն |
| Withdrawn status | Lost status | Source of classification or shelving scheme | Damaged status | Not for loan | Collection | Home library | Current library | Date acquired | Cost, normal purchase price | Shelving control number | Total checkouts | Full call number | Barcode | Date last seen | Copy number | Price effective from | Koha item type | Public note |
|---|---|---|---|---|---|---|---|---|---|---|---|---|---|---|---|---|---|---|
| Universal Decimal Classification | 1 Reading Hall | Fundamental Scientific Library | Fundamental Scientific Library | 29/12/2016 | 1000.00 | AII/96758 | FL0187266 | 29/12/2016 | RH1-20/1/13 | 29/12/2016 | Գրքեր / Books | ILL-Non- Circulation |
ՀՀ Գիտությունների ազգային ակադեմիայի հիմնարար գիտական գրադարան = Fundamental Scientific Library of NAS RA
All site content, except where otherwise noted, is licensed under a